000 01025nam a2200325 c 4500
001 9312
003 ES-MaCES
005 20141221122013.0
008 990906s1999 sp d t o000 | spa d
017 _aM-25834-1998
_bDL
035 _aCES19990012520m
040 _aES-MaCES
_bspa
_cES-MaCES
245 0 0 _aInforme económico 98
_cBanco Bilbao Vizcaya
260 _a[Bilbao]
_bBBV
_cD.L. 1998
300 _a228 p.
_bgráf. col.
_c30 cm
541 _cGratuito
650 4 _acondiciones económicas
_927081
650 4 _aindicador económico
_927073
650 4 _apredicción económica
_927072
650 4 _aEspaña
_926964
650 4 _a1998
_931169
650 4 _acuadros estadísticos
_928890
653 1 0 _aCondiciones económicas
710 2 _aBanco Bilbao-Vizcaya
_91581
787 0 _tInforme económico 99 / BBVA
_w(ES-MaCES)10962
787 0 _tInforme económico 97 / Banco Bilbao Vizcaya
_w(ES-MaCES)7228
902 _aLIB Libro
942 _2CES
_cBK
_h0.0.
999 _c9312
_d9312